000 00719nam a2200253Ia 4500
001 913
003 GE_BSU
008 181216s||||||||xx |||||||||||||| ||und||
020 _a9785883370389
040 _cGE_BSU
080 _a808.2(075.8)
100 _aКараванова,Н.Б.
245 _aГоворите правильно!
245 _bКурс русской разговорной речи
250 _a7-е,испр. и доп.
260 _aМосква
260 _bРусский язык
260 _c2007
300 _a312стр.
541 _h10л.
653 _aГоворите правильно!
653 _aКурс русской разговорной речи
942 _cBK
999 _c35072
_d35072